Countries that start with B - Statistics

General Stats
  • This quiz has been taken 51 times
  • The average score is 15 of 17
Answer Stats
Continent Answer % Correct
Europe Belgium
98%
South America Bolivia
98%
South America Brazil
95%
Asia Bangladesh
93%
Africa Botswana
93%
Asia Brunei
93%
North America Bahamas
91%
Europe Belarus
91%
North America Barbados
88%
North America Belize
86%
Asia Bhutan
86%
Europe Bosnia and Herzegovina
86%
Europe Bulgaria
86%
Asia Bahrain
84%
Africa Benin
81%
Africa Burundi
81%
Africa Burkina Faso
77%
No matching quizzes found
Score Distribution
Percent of People with Each Score
Percentile by Number Answered
Your Score History
You have not taken this quiz